Normal view
MARC view
Entry Topical Term
001 - CONTROL NUMBER
- control field: 2430
003 - CONTROL NUMBER IDENTIFIER
- control field: BD-RjUL
005 - DATE AND TIME OF LATEST TRANSACTION
- control field: 20220413115506.0
008 - FIXED-LENGTH DATA ELEMENTS
- fixed length control field: 220413|| aca||aabn | a|a d
040 ## - CATALOGING SOURCE
- Original cataloging agency: BD-RjUL
- Transcribing agency: BD-RjUL
150 ## - HEADING--TOPICAL TERM
- Topical term or geographic name entry element: Fiqh Scriptures
- General subdivision: Islam
- General subdivision: Customs and practices
670 ## - SOURCE DATA FOUND
- Source citation: Work cat.: (BD-RjUL)79694: আজাদ, মো. আবুল কালাম 2426, মাওলানা ইসমাঈল হোসেন ইসলাম নগরী :, ২০০৯